Statistics for Leonardo da Vinci–Fiumicino Airport Destinations (Rome, Italy)

Click here to take the quiz!

General Stats

  • This quiz has been taken 44 times
  • The average score is 165 of 222

Answer Stats

AirlineDestination% Correct
Etihad Airways/Wizz AirAbu Dhabi
100%
Ethiopian AirlinesAddis Ababa
97%
Royal Jordanian/Wizz AirAmman (Queen Alia)
97%
ITA Airways/KLMAmsterdam
97%
Air ChinaBeijing (Capital)
97%
Wizz AirBudapest
97%
American AirlinesDallas/Fort Worth
97%
Qatar AirwaysDoha
97%
EmiratesDubai (International)
97%
Aer Lingus/RyanairDublin
97%
easyJet/Vueling/Wizz AirLondon (Gatwick)
97%
British Airways/ITA AirwaysLondon (Heathrow)
97%
Jet2.comLondon (Stansted)
97%
ITA AirwaysLos Angeles
97%
American Airlines/Delta Air Lines/ITA Airways/Norse Atlantic AirwaysNew York (JFK)
97%
Norwegian Air Shuttle/Scandinavian AirlinesOslo
97%
Air France/ITA Airways/VuelingParis (Charles de Gaulle)
97%
easyJet/Transavia/Vueling/Wizz AirParis (Orly)
97%
Aegean Airlines/ITA Airways/Ryanair/Sky ExpressAthens
93%
Delta Air LinesAtlanta
93%
Middle East AirlinesBeirut
93%
Air Serbia/Wizz AirBelgrade
93%
Aerolineas Argentinas/ITA AirwaysBuenos Aires (Ezeiza)
93%
Royal Air MarocCasablanca
93%
American Airlines/United AirlinesChicago (O'Hare)
93%
ITA AirwaysFlorence
93%
easyJet/ITA AirwaysGeneva
93%
FinnairHelsinki
93%
Turkish AirlinesIstanbul
93%
AnadoluJet/Pegasus AirlinesIstanbul (Sabiha Gokcen)
93%
Wizz AirKrakow
93%
TAP Air PortugalLisbon
93%
Air Europa/Iberia/ITA Airways/Ryanair/Wizz AirMadrid
93%
Jet2.com | easyJetManchester
93%
ITA AirwaysMilan (Linate)
93%
Air Canada/Air TransatMontreal (Trudeau)
93%
ITA Airways/LufthansaMunich
93%
Wizz AirPorto
93%
ITA AirwaysRio de Janeiro (Galeao)
93%
ITA Airways/United AirlinesSan Francisco
93%
Asiana Airlines/Korean AirSeoul (Incheon)
93%
China Eastern AirlinesShanghai (Pudong)
93%
Singapore AirlinesSingapore
93%
Air Albania/ITA Airways/Wizz AirTirana
93%
Air Canada/Air TransatToronto (Pearson)
93%
Wizz AirWarsaw (Chopin)
93%
LOT Polish AirlinesWarsaw (Radom)
93%
Gulf AirBahrain
90%
ITA Airways/Ryanair/Vueling/Wizz AirBarcelona
90%
easyJet/RyanairBerlin
90%
Volotea/VuelingBilbao
90%
Jet2.comBirmingham
90%
Brussels Airlines/ITA Airways/RyanairBrussels
90%
AeroItalia/Dan Air/TAROM/Wizz AirBucharest (Otopeni)
90%
Egyptair/ITA AirwaysCairo
90%
Eurowings/RyanairCologne/Bonn
90%
RyanairCork
90%
Croatia Airlines/VuelingDubrovnik
90%
ITA Airways/LufthansaFrankfurt
90%
RyanairHahn
90%
ITA Airways/Neos/Ryanair/Vueling/Wizz AirIbiza
90%
Kuwait Airways/Wizz AirKuwait City
90%
Luxair/Wizz AirLuxembourg
90%
Ryanair/Vueling/Wizz AirMalaga
90%
AeromexicoMexico City
90%
easyJet/ITA Airways/Wizz AirNice
90%
AeroItalia/ITA Airways/RyanairPalermo
90%
Icelandair/Wizz AirReykjavik
90%
Saudia/Wizz AirRiyadh
90%
ITA Airways/LATAM BrasilSao Paulo (Guarulhos)
90%
Croatia Airlines/ITA Airways/Ryanair/Vueling/Wizz AirSplit
90%
Eurowings/Norwegian Air Shuttle/Ryanair/Scandinavian AirlinesStockholm (Arlanda)
90%
EurowingsStuttgart
90%
QantasSydney
90%
Ryanair/Vueling/Wizz AirValencia
90%
ITA Airways/Swiss International Air LinesZurich
90%
Air Algerie/ITA AirwaysAlgiers
86%
Ryanair/VuelingAlicante
86%
easyJet/Wizz AirBasel/Mulhouse
86%
Delta Air Lines/ITA AirwaysBoston
86%
NeosCancun
86%
Norwegian Air Shuttle/Ryanair/Scandinavian AirlinesCopenhagen
86%
EurowingsDusseldorf
86%
RyanairFaro
86%
Jet2.comGlasgow
86%
Wizz AirGothenburg
86%
RyanairGran Canaria
86%
EurowingsHamburg
86%
Saudia/Wizz AirJeddah
86%
Air Malta/ITA AirwaysMalta
86%
ITA Airways/Neos/Ryanair/Vueling/Wizz AirPalma de Mallorca
86%
NeosSal
86%
Bulgaria Air/ITA AirwaysSofia
86%
Arkia/Bluebird Airlines/El Al/ITA Airways/Ryanair/Tus Airways/Wizz AirTel Aviv
86%
Aegean AirlinesThessaloniki
86%
RyanairToulouse
86%
ITA Airways/TunisairTunis
86%
ITA AirwaysTurin
86%
ITA AirwaysVenice
86%
Austrian Airlines/Ryanair/Wizz AirVienna
86%
ITA Airways/United AirlinesWashington (Dulles)
86%
ITA Airways/RyanairBari
83%
Norwegian Air ShuttleBergen
83%
easyJetBristol
83%
ITA Airways/Wizz AirCorfu
83%
ITA AirwaysDelhi
83%
Wizz AirFunchal
83%
RyanairGdansk
83%
ITA AirwaysGenoa
83%
Cyprus Airlines/Wizz AirLarnaca
83%
Wizz Air | easyJetLyon
83%
ITA AirwaysNaples
83%
United AirlinesNewark
83%
American AirlinesPhiladelphia
83%
airBalticRiga
83%
Vueling/Wizz AirSeville
83%
Wizz AirSkopje
83%
ITA AirwaysTokyo (Haneda)
83%
Croatia Airlines/RyanairZagreb
83%
Wizz AirBaku
79%
ITA AirwaysBologna
79%
Air Moldova/FlyOne/HiSkyChisinau
79%
Delta Air LinesDetroit
79%
ITA Airways/Neos/Wizz AirHeraklion
79%
RyanairMarseille
79%
easyJet/Transavia/VoloteaNantes
79%
Eurowings/Ryanair/Wizz AirPrague
79%
ITA Airways/NeosRhodes
79%
Iran AirTehran (Imam Khomeini)
79%
Air CorsicaAjaccio
76%
AeroItaliaBergamo
76%
Neos/RyanairFuerteventura
76%
ITA AirwaysHurghada
76%
Ryanair/Wizz AirKos
76%
RyanairLanzarote
76%
Wizz AirMarrakesh
76%
ITA Airways/Neos/RyanairMenorca
76%
Jet2.comNewcastle upon Tyne
76%
China AirlinesTaipei (Taoyuan)
76%
Neos/Ryanair/Wizz AirTenerife (South)
76%
Ryanair/Wizz AirVilnius
76%
Wizz AirAlexandria
72%
RyanairBillund
72%
ITA Airways/RyanairCatania
72%
Jet2.comLeeds/Bradford
72%
TransaviaMontpellier
72%
QantasPerth
72%
VoloteaStrasbourg
72%
ITA AirwaysCagliari
69%
American AirlinesCharlotte
69%
Sichuan AirlinesChengdu (Tianfu)
69%
Ryanair/Wizz AirEindhoven
69%
Air CairoLuxor
69%
Neos/Vueling/Wizz AirMykonos
69%
Ryanair/Vueling/Wizz AirSantorini
69%
Air Cairo/ITA Airways/Neos/Wizz AirSharm El Sheikh
69%
Hainan AirlinesShenzhen
69%
Wizz AirYerevan
69%
RyanairZadar
69%
AeroItaliaAlghero
66%
RyanairChania
66%
Wizz AirDammam
66%
NeosMonastir
66%
AeroItalia/VoloteaOlbia
66%
Wizz AirPodgorica
66%
Ryanair/Vueling/Wizz AirZakynthos
66%
Air CorsicaBastia
62%
ITA Airways/RyanairBrindisi
62%
NeosDjerba
62%
VoloteaLille
62%
ITA Airways/NeosMale
62%
NeosMarsa Alam
62%
TransaviaRotterdam/The Hague
62%
ITA AirwaysTrieste
62%
ITA AirwaysLamezia Terme
59%
WestJetCalgary
55%
Hainan AirlinesChongqing
55%
NeosHavana
55%
Wizz AirDortmund
52%
Wizz AirIasi
52%
RyanairPreveza
52%
NeosDakar (Diass)
48%
ITA Airways/Ryanair/Wizz AirKefalonia
48%
Wizz AirKutaisi
48%
Ryanair/Wizz AirMemmingen
48%
Ryanair/Wizz AirSkiathos
48%
RyanairAsturias
45%
RyanairBeauvais
45%
NeosBoa Vista
45%
Wizz AirEilat
45%
NeosMauritius
45%
Air ChinaHangzhou
41%
Wizz AirTimisoara
41%
RyanairTrapani
41%
NeosZanzibar
41%
AeroItaliaBacau
38%
ITA Airways/Vueling/Wizz AirLampedusa
38%
ITA AirwaysReggio Calabria
38%
Neos/SpiceJetAmritsar
34%
AeroItalia/RyanairComiso
34%
RyanairFigari
34%
NeosKarpathos
34%
RyanairSantander
34%
ITA AirwaysPantelleria
31%
Wizz AirGiza
28%
NeosLa Romana
28%
NeosMombasa
28%
Wizz AirTurku
28%
China Eastern AirlinesWenzhou
28%
Wizz AirCraiova
24%
VoloteaLourdes
24%
NeosNosy Be
24%
Air MountainSion
24%
Wizz AirSuceava
24%
NeosMarsa Matruh
21%
Wizz AirCastellon
17%
Wizz AirRzeszow
17%
ITA AirwaysFort-de-France
10%
ITA AirwaysRostock
10%
NeosSalalah
10%

Score Distribution

Percentile by Number Answered

Percent of People with Each Score

Your Score History

You have not taken this quiz